Modern methods of valuation of land, houses and buildings (Record no. 85673)

MARC details
000 -LEADER
fixed length control field 00523cam a2200217 4500
001 - CONTROL NUMBER
control field D6557
008 - FIXED-LENGTH DATA ELEMENTS--GENERAL INFORMATION
fixed length control field 090401t1971 xxu||||| |||| 00| 0 eng d
035 ## - SYSTEM CONTROL NUMBER
System control number (Sirsi) u1462
041 ## - LANGUAGE CODE
Language code of text/sound track or separate title eng
050 ## - LIBRARY OF CONGRESS CALL NUMBER
Classification number 333.332
100 ## - MAIN ENTRY--PERSONAL NAME
Personal name Lawrance, David M
245 ## - TITLE STATEMENT
Title Modern methods of valuation of land, houses and buildings
250 ## - EDITION STATEMENT
Edition statement 6th
260 ## - PUBLICATION, DISTRIBUTION, ETC.
Place of publication, distribution, etc. London
Name of publisher, distributor, etc. Estates Gazette
Date of publication, distribution, etc. 1971
300 ## - PHYSICAL DESCRIPTION
Extent xv. 536p. 23cm
350 ## - PRICE (NR) (BK AM CF MU VM SE) [OBSOLETE]
Price 4
700 ## - ADDED ENTRY--PERSONAL NAME
Personal name Rees, W.H.
700 ## - ADDED ENTRY--PERSONAL NAME
Personal name Britton, W.
942 ## - ADDED ENTRY ELEMENTS (KOHA)
Suppress in OPAC 0
948 ## - LOCAL PROCESSING INFORMATION (OCLC); SERIES PART DESIGNATOR (RLIN)
c (OCLC) 04/03/1997
Holdings
Withdrawn status Lost status Source of classification or shelving scheme Damaged status Not for loan Home library Current library Shelving location Date acquired Cost, normal purchase price Total Checkouts Full call number Barcode Date last seen Copy number Cost, replacement price Price effective from Koha item type
    Dewey Decimal Classification     London London Basement 14/09/1999 4.00   SHELF 303 30008768 06/08/2019 1 4.00 06/08/2019 Reference material